02171nam a2200241Ia 4500001000600000003000900006008004100015040001300056040001300069041001500082100001600097100002900113245006300142245016000205250001100365260001100376260000900387260004900396300005600445500136200501650003501863650003101898K0626IT-RoPAU130308s9999 xx 000 0 und d aIT-RoPAU cIT-RoPAU aITALIANO  aBovero Anna gCodice Aut. SPICS: 8893 aImmagini dell'arte italiana attraverso i secoli. Vol. III bImmagini dell'arte Italiana Attraverso I Secoli. Vol. III  a1a ed. aTORINO bUTET c1965 [1° Ed.:1965 - Ed.Ling.Originale:1965] a"369 p. (prefazione: 11; testo: 358 [pagine: 0-0])" a"Vicende Artistiche Secondo '300 in toscana e Italia del nord Fioritura gotico Internazionale: Cangrande della Scala; Antonio Fissariga; Battistero, Bergamo; Abbazia, Viboldone; Abbazia, Chiaravalle; Storie S. Caterina; tommaso da Modena; gerarchie Angeliche; Tradizione bizantina e Primi influssi Gotici a Venezia; Lorenzo Veneziano; Arte in toscana seconda Metà '300; Nono Pisano; Giottino; Giovanni da Milano; Agnolo Gaddi; Gentile da Fabriano; Lorenzo Monaco; Michelino da Besozzo; Michele Giambono; Antonio Vivarini; Ecc. Primo '400 Fiorentino: Brunelleschi e Donatello; Jacopo della Quercia; Masaccio; Lorenzo Ghiberti; Masolino da Panicale; Filippo Lippi; Luca della Robbia; Jacopo della Quercia; Beato Angelico; Bernardo Rossellino; Sassetta; Leon Battista Alberti; Agostino di Duccio; Andrea Mantegna; Andrea del Castagno; Bertoldo di Giovanni; Ecc. Fioritura Artistica presso corti nel Secondo '400: Benozzo Gozzoli; Antonio del Pollaiolo; Paolo Uccello; Desiderio da Settignano; Francesco di Giorgio Martini; Antonio Rossellino; Luciano Laurana; Cosme' Tura; Francesco del Cossa; Ercole De' Roberti; Antonello da Messina; Ecc. Venezia nel '400: Antonio da Negroponte; Giambino; Jacopo, Giovanni, Gentile Bellini; Bartolomeo Vivarini; Carlo Crivelli; Mauro Codussi; Ecc. Continuità di Tradizione e Germi rinnovamento ultimo '400 tra Fi Mi. D" aENCICLOPEDIE DELLE ARTI VISIVE eCodice materia Spics: 5001